<A> Hiány

Gespeichert in:
Bibliographische Detailangaben
1. Verfasser: Kornai, János
Format: Buch
Sprache:Ungarisch
Veröffentlicht: Budapest Közgazdasági és Jogi Könyvkiadó 1982
Tags: Tag hinzufügen
Keine Tags, Fügen Sie das erste Tag hinzu!

MARC

LEADER 00000nam a2200000 4500
001 c126276
005 20041019155237.5
041 0 |a hun 
044 |a HU 
245 1 0 |a <A> Hiány  |c János Kornai 
264 1 |a Budapest  |b Közgazdasági és Jogi Könyvkiadó  |c 1982 
300 |a 610 s. 
100 1 |a Kornai, János